The blue book of grammar and punctuation : (Record no. 283339)
[ view plain ]
| 000 -LEADER | |
|---|---|
| fixed length control field | 00525nam a2200145Ia 4500 |
| 008 - FIXED-LENGTH DATA ELEMENTS--GENERAL INFORMATION | |
| fixed length control field | 150223s9999 xx 000 0 und d |
| 020 ## - INTERNATIONAL STANDARD BOOK NUMBER | |
| International Standard Book Number | 9780470222683 |
| 050 ## - LIBRARY OF CONGRESS CALL NUMBER | |
| Classification number | PE 1105 |
| Item number | .St912 2008 |
| 100 ## - MAIN ENTRY--PERSONAL NAME | |
| Personal name | Strauss, Jane. |
| 245 #4 - TITLE STATEMENT | |
| Title | The blue book of grammar and punctuation : |
| Remainder of title | An easy-to-use guide with clear rules, real-world examples, and reproducible quizzes / |
| Statement of responsibility, etc | Jane Strauss. |
| 250 ## - EDITION STATEMENT | |
| Edition statement | 10th |
| 260 ## - PUBLICATION, DISTRIBUTION, ETC. (IMPRINT) | |
| Place of publication, distribution, etc | San Francisco, California : |
| Name of publisher, distributor, etc | Jossey-Bass, |
| Date of publication, distribution, etc | 2008 |
| 300 ## - PHYSICAL DESCRIPTION | |
| Extent | 153 pages : |
| Dimensions | 28 cm. |
| 650 ## - SUBJECT ADDED ENTRY--TOPICAL TERM | |
| Topical term or geographic name as entry element | Language |
| General subdivision | Grammar |
No items available.